Eastern Utah Libraries Catalog: Duchesne, Heber, Roosevelt, & Vernal

Speak easy, speak love / (Record no. 314196)

MARC details
000 -LEADER
fixed length control field 03770cam a2200841 i 4500
001 - CONTROL NUMBER
control field ocn967501472
003 - CONTROL NUMBER IDENTIFIER
control field OCoLC
005 - DATE AND TIME OF LATEST TRANSACTION
control field 20200320213936.0
008 - FIXED-LENGTH DATA ELEMENTS--GENERAL INFORMATION
fixed length control field 170731s2017 nyu d b 000 1 eng
010 ## - LIBRARY OF CONGRESS CONTROL NUMBER
LC control number 2017029353
020 ## - INTERNATIONAL STANDARD BOOK NUMBER
International Standard Book Number 9780062560926
Qualifying information (hardback)
020 ## - INTERNATIONAL STANDARD BOOK NUMBER
International Standard Book Number 0062560921
029 1# - (OCLC)
OCLC library identifier AU@
System control number 000060675065
035 ## - SYSTEM CONTROL NUMBER
System control number (OCoLC)967501472
040 ## - CATALOGING SOURCE
Original cataloging agency DLC
Language of cataloging eng
Description conventions rda
Transcribing agency DLC
Modifying agency BTCTA
-- YDX
-- BDX
-- JQR
-- CHILD
-- ZP7
-- NYP
-- ILC
-- RV8
-- NDS
-- OCLCF
-- NZAUC
-- IGA
-- IMD
-- SINLB
-- WYZ
-- VP@
-- LIBLM
-- KB8
-- CN5O4
-- ORK
-- P@N
-- B@L
-- CHY
-- DLC
-- QJK
-- FQG
-- SPP
-- OCLCQ
-- WACOL
042 ## - AUTHENTICATION CODE
Authentication code lcac
-- pcc
043 ## - GEOGRAPHIC AREA CODE
Geographic area code n-us-ny
049 ## - LOCAL HOLDINGS (OCLC)
Holding library WACL
050 00 - LIBRARY OF CONGRESS CALL NUMBER
Classification number PZ7.1.G4723
Item number Spe 2017
082 00 - DEWEY DECIMAL CLASSIFICATION NUMBER
Classification number [Fic]
Edition number 23
092 ## - LOCALLY ASSIGNED DEWEY CALL NUMBER (OCLC)
Classification number young adult
Item number Geo
100 1# - MAIN ENTRY--PERSONAL NAME
Personal name George, McKelle,
Relator term author.
9 (RLIN) 5985616
245 10 - TITLE STATEMENT
Title Speak easy, speak love /
Statement of responsibility, etc McKelle George.
250 ## - EDITION STATEMENT
Edition statement First edition.
264 #1 - Production, Publication, Distribution, Manufacture, and Copyright Notice.
Place of production, publication, distribution, manufacture New York, NY :
Name of producer, publisher, distributor, manufacturer Greenwillow Books, an imprint of HarperCollinsPublishers,
Date of production, publication, distribution, manufacture, or copyr [2017]
264 #4 - Production, Publication, Distribution, Manufacture, and Copyright Notice.
Date of production, publication, distribution, manufacture, or copyr ©2017
300 ## - PHYSICAL DESCRIPTION
Extent 423 pages ;
Dimensions 22 cm
336 ## - Content Type
Content type term text
337 ## - Media type
Media type term unmediated
338 ## - Carrier type
Carrier type term volume
520 ## - SUMMARY, ETC.
Summary, etc "Six teenagers' lives intertwine during a summer of romantic misunderstandings and dangerous deals in this retelling of Shakespeare's Much Ado About Nothing, set in the era of Prohibition in the 1920s"--
-- Provided by publisher.
504 ## - BIBLIOGRAPHY, ETC. NOTE
Bibliography, etc Includes bibliographical references (pages 420-421).
521 ## - TARGET AUDIENCE NOTE
Target audience note young adult fiction
Source amazon
650 #0 - SUBJECT ADDED ENTRY--TOPICAL TERM
Topical term or geographic name as entry element Nightclubs
Form subdivision Juvenile fiction.
9 (RLIN) 5985617
650 #0 - SUBJECT ADDED ENTRY--TOPICAL TERM
Topical term or geographic name as entry element Prohibition
Form subdivision Juvenile fiction.
9 (RLIN) 5712986
650 #0 - SUBJECT ADDED ENTRY--TOPICAL TERM
Topical term or geographic name as entry element Friendship
Form subdivision Juvenile fiction.
9 (RLIN) 5673647
650 #0 - SUBJECT ADDED ENTRY--TOPICAL TERM
Topical term or geographic name as entry element Dating (Social customs)
Form subdivision Juvenile fiction.
9 (RLIN) 5675714
650 #0 - SUBJECT ADDED ENTRY--TOPICAL TERM
Topical term or geographic name as entry element Gangsters
Form subdivision Juvenile fiction.
9 (RLIN) 5712987
650 #0 - SUBJECT ADDED ENTRY--TOPICAL TERM
Topical term or geographic name as entry element Nineteen twenties
Form subdivision Juvenile fiction.
9 (RLIN) 5985618
650 #0 - SUBJECT ADDED ENTRY--TOPICAL TERM
Topical term or geographic name as entry element Dysfunctional families
Form subdivision Juvenile fiction.
9 (RLIN) 5689340
651 #0 - SUBJECT ADDED ENTRY--GEOGRAPHIC NAME
Geographic name Long Island (N.Y.)
General subdivision History
Chronological subdivision 20th century
Form subdivision Juvenile fiction.
9 (RLIN) 5985619
650 #1 - SUBJECT ADDED ENTRY--TOPICAL TERM
Topical term or geographic name as entry element Nightclubs
Form subdivision Fiction.
9 (RLIN) 5768959
650 #1 - SUBJECT ADDED ENTRY--TOPICAL TERM
Topical term or geographic name as entry element Prohibition
Form subdivision Fiction.
9 (RLIN) 5712984
650 #1 - SUBJECT ADDED ENTRY--TOPICAL TERM
Topical term or geographic name as entry element Friendship
Form subdivision Fiction.
9 (RLIN) 5673769
650 #1 - SUBJECT ADDED ENTRY--TOPICAL TERM
Topical term or geographic name as entry element Dating (Social customs)
Form subdivision Fiction.
9 (RLIN) 5675717
650 #1 - SUBJECT ADDED ENTRY--TOPICAL TERM
Topical term or geographic name as entry element Gangsters
Form subdivision Fiction.
9 (RLIN) 5712985
650 #1 - SUBJECT ADDED ENTRY--TOPICAL TERM
Topical term or geographic name as entry element Nineteen twenties
Form subdivision Fiction.
9 (RLIN) 5675101
650 #1 - SUBJECT ADDED ENTRY--TOPICAL TERM
Topical term or geographic name as entry element Family problems
Form subdivision Fiction.
9 (RLIN) 5678589
651 #1 - SUBJECT ADDED ENTRY--GEOGRAPHIC NAME
Geographic name Long Island (N.Y.)
General subdivision History
Chronological subdivision 20th century
Form subdivision Fiction.
9 (RLIN) 5985620
650 #7 - SUBJECT ADDED ENTRY--TOPICAL TERM
Topical term or geographic name as entry element Prohibition.
Source of heading or term fast
-- (OCoLC)fst01078761
9 (RLIN) 5985621
650 #7 - SUBJECT ADDED ENTRY--TOPICAL TERM
Topical term or geographic name as entry element Nineteen twenties.
Source of heading or term fast
-- (OCoLC)fst01037835
9 (RLIN) 98167
650 #7 - SUBJECT ADDED ENTRY--TOPICAL TERM
Topical term or geographic name as entry element Nightclubs.
Source of heading or term fast
-- (OCoLC)fst01037674
9 (RLIN) 5985622
650 #7 - SUBJECT ADDED ENTRY--TOPICAL TERM
Topical term or geographic name as entry element Gangsters.
Source of heading or term fast
-- (OCoLC)fst00937713
9 (RLIN) 5985623
650 #7 - SUBJECT ADDED ENTRY--TOPICAL TERM
Topical term or geographic name as entry element Friendship.
Source of heading or term fast
-- (OCoLC)fst00935174
9 (RLIN) 5985624
650 #7 - SUBJECT ADDED ENTRY--TOPICAL TERM
Topical term or geographic name as entry element Dysfunctional families.
Source of heading or term fast
-- (OCoLC)fst01728523
9 (RLIN) 5985625
650 #7 - SUBJECT ADDED ENTRY--TOPICAL TERM
Topical term or geographic name as entry element Dating (Social customs)
Source of heading or term fast
-- (OCoLC)fst00888094
9 (RLIN) 5985626
651 #7 - SUBJECT ADDED ENTRY--GEOGRAPHIC NAME
Geographic name New York (State)
Geographic subdivision Long Island.
Source of heading or term fast
-- (OCoLC)fst01241714
9 (RLIN) 5772448
650 #7 - SUBJECT ADDED ENTRY--TOPICAL TERM
Topical term or geographic name as entry element Family life
Form subdivision Fiction.
Source of heading or term sears
9 (RLIN) 5674038
648 #7 - SUBJECT ADDED ENTRY--CHRONOLOGICAL TERM
Chronological term 1900-1999
Source of heading or term fast
9 (RLIN) 5675279
655 #7 - INDEX TERM--GENRE/FORM
Genre/form data or focus term Juvenile works.
Source of term fast
-- (OCoLC)fst01411637
9 (RLIN) 5673941
655 #7 - INDEX TERM--GENRE/FORM
Genre/form data or focus term History.
Source of term fast
-- (OCoLC)fst01411628
9 (RLIN) 5675940
655 #7 - INDEX TERM--GENRE/FORM
Genre/form data or focus term Fiction.
Source of term fast
-- (OCoLC)fst01423787
9 (RLIN) 5673940
655 #7 - INDEX TERM--GENRE/FORM
Genre/form data or focus term Historical fiction.
Source of term fast
-- (OCoLC)fst01726640
9 (RLIN) 5985627
655 #7 - INDEX TERM--GENRE/FORM
Genre/form data or focus term Historical fiction.
Source of term lcgft
9 (RLIN) 5985627
938 ## -
-- Brodart
-- BROD
-- 118941348
938 ## -
-- Baker and Taylor
-- BTCP
-- BK0020051469
938 ## -
-- Children's Plus, Inc.
-- CHIL
-- 2017887
938 ## -
-- YBP Library Services
-- YANK
-- 13317068
942 ## - ADDED ENTRY ELEMENTS (KOHA)
Koha item type BOOK
948 ## - LOCAL PROCESSING INFORMATION (OCLC); SERIES PART DESIGNATOR (RLIN)
Series part designator, SPT (RLIN) 10/15/2018
z (OCLC) Sirsi
994 ## -
-- C0
-- WACOL
996 ## -
-- 156690
-- 34301001578261
-- YA
-- bk
-- wcl
-- i
-- 3
-- 17.99
-- amazon
-- Geo
-- 10/17/2018
-- 01/23/2019
-- 01/03/2019
Holdings
Withdrawn status Lost status Source of classification or shelving scheme Damaged status Not for loan Collection code Home library Current library Shelving location Date acquired Source of acquisition Cost, normal purchase price Total Checkouts Total Renewals Full call number Barcode Date last seen Date checked out Cost, replacement price Price effective from Koha item type
    Dewey Decimal Classification     Young Adult Fiction Wasatch County Library Wasatch County Library Main Floor Teen Area 10/17/2018 Amazon 17.99 6 1 YA George 34301001578261 02/23/2024 11/06/2023 17.99 03/20/2020 BOOK
This project was made possible through a grant from the Institute of Museum and Library Service administered by the Utah State Library Division.

Wasatch County Library

  • 465 East 1200 South, Heber City, Utah 84032
  • Phone 435-654-1511 | Fax 435-654-6456

Hours

  • Monday - Friday 9:30 AM - 8:00 PM
  • Saturday 9:30 AM - 1:30 PM
  • Closed Sundays and Holidays